000 00285 a2200145 4500
001 165466
020 _a
040 _cMagnum
100 _aAnderson, Bob
240 1 0 _aAlongue-se
_lpor
245 1 0 _aAlongue-se
362 0 _a1899
697 _aCIENCIAS MEDICAS SAUDE
942 _cBK
999 _c165466
_d165466